Kniha o cenných papírech /

Saved in:
Bibliographic Details
Main Author: Weiss, David M (Author)
Format: Book
Language:Czech
Published: Praha : Victoria Publishing, a.s, 1995
Edition:, prel.z angl.orig.
Tags: Add Tag
No Tags, Be the first to tag this record!

MARC

LEADER 00000nam a22000003a 4500
001 stu30643
005 20150617225735.2
008 980126s1995----cs------------------cze-d
020 |a 80-85605-56-2 
040 |a STU  |b slo 
041 0 |a cze 
044 |a cs 
080 |a 336 
100 1 |a Weiss, David M  |4 aut 
245 1 |a Kniha o cenných papírech /  |c [aut]Weiss,David M 
250 |a , prel.z angl.orig. 
260 |a Praha :  |b Victoria Publishing, a.s,  |c 1995 
300 |a 313 s 
996 |b 284V026809  |c V*45205/O-19791  |l VVT  |s A  |a 24  |w stu30643_0001